|
|
|
|
| LEADER |
00788nam a2200205 a 4500 |
| 001 |
GR-MES5244 |
| 008 |
991111s1991 enk 000 b eng d |
| 040 |
|
|
|a GrPaTEI
|b gre
|c GR-PaULI
|
| 245 |
0 |
2 |
|a a history of economics :
|b the past as the present.
|
| 260 |
|
|
|a London :
|b penguin books,
|c 1991
|
| 300 |
|
|
|a 324σ.
|
| 500 |
|
|
|a Περιλαμβάνει ευρετήριο.
|
| 650 |
|
4 |
|a Ιστορία
|
| 650 |
|
4 |
|a Οικονομία
|
| 700 |
1 |
|
|a Galbraith, John Kenneth,
|d 1908-2006.
|
| 710 |
0 |
|
|a penguin books
|
| 942 |
|
|
|2 ddc
|
| 952 |
|
|
|0 0
|1 0
|2 ddc
|4 0
|6 330_900000000000000_GAL
|7 0
|9 275811
|a MSLG
|b MSLG
|c BSC
|d 2021-01-17
|e 24
|f 0
|g 0.00
|l 0
|o 330.9 GAL
|p 2420000015485
|r 2021-01-17 00:00:00
|t 1
|w 2021-01-17
|y BK15
|x 19991111 0 1
|x GrPaTEI
|
| 971 |
|
|
|a .b25837114
|b 15-04-20
|c 14-09-16
|
| 999 |
|
|
|c 159867
|d 159867
|